000 00683nam a2200241Ia 4500
003 OSt
005 20220918173752.0
006 a|||||r|||| 00| 0
007 ta
008 220917b |||||||| |||| 00| 0 eng d
024 _a8,248
037 _cTextual
040 _aARTS
_cARTS
_beng
041 _2eng
_aeng
082 _a236, L3 (2)
100 _aFussler Herman H.
_947388
245 0 _aResearch libraries and technology
_b a report to the sloan foundation
260 _aChacago
_bUniversity of Chicago Press
_c1973
300 _axi,91p
_ccm.
650 _aLIBRARY SCIENCE
942 _h236, L3 (2)
_cTEXL
_2CC
999 _c150038
_d150038